साहित्यालोचन : (Record no. 111526)

MARC details
000 -LEADER
fixed length control field 01113nam a22002657a 4500
005 - DATE AND TIME OF LATEST TRANSACTION
control field 20170124102925.0
010 ## - LIBRARY OF CONGRESS CONTROL NUMBER
LC control number A-811285
020 ## - INTERNATIONAL STANDARD BOOK NUMBER
Terms of availability 00.00
035 ## - SYSTEM CONTROL NUMBER
System control number A-811285
037 ## - SOURCE OF ACQUISITION
Source of stock number/acquisition Cen Lib/Ret
040 ## - CATALOGING SOURCE
Original cataloging agency DPL
Language of cataloging HN
082 ## - DEWEY DECIMAL CLASSIFICATION NUMBER
Classification number 820.8
Item number सीतारा
100 ## - MAIN ENTRY--PERSONAL NAME
Personal name सीतारामदीन
9 (RLIN) 43304
245 ## - TITLE STATEMENT
Title साहित्यालोचन :
Statement of responsibility, etc सीतारामदीन
Remainder of title सीधंत और अध्धयन /
246 ## - VARYING FORM OF TITLE
Title proper/short title Sahityalochan : sidhdhant or adhdhyan /
Remainder of title by Seetaramdeen
260 ## - PUBLICATION, DISTRIBUTION, ETC. (IMPRINT)
Place of publication, distribution, etc पटना
Name of publisher, distributor, etc भारती भवन पब्लिशर्स
Date of publication, distribution, etc 1995
270 ## - ADDRESS
Address ठाकुरबाड़ी रोड
City जयपुर
Postal code 800003
300 ## - PHYSICAL DESCRIPTION
Extent 168पृ.
Dimensions 19सेमी(सजिल्द )
500 ## - GENERAL NOTE
General note संदर्भ सूची भी शामिल
650 ## - SUBJECT ADDED ENTRY--TOPICAL TERM
Topical term or geographic name as entry element हिंदी साहित्य
General subdivision
Geographic subdivision
9 (RLIN) 105905
650 ## - SUBJECT ADDED ENTRY--TOPICAL TERM
Topical term or geographic name as entry element हिंदी महाकाव्य
Form subdivision
9 (RLIN) 43306
650 ## - SUBJECT ADDED ENTRY--TOPICAL TERM
Topical term or geographic name as entry element Hindi Literature
9 (RLIN) 105906
650 ## - SUBJECT ADDED ENTRY--TOPICAL TERM
Topical term or geographic name as entry element Hindi Fiction
9 (RLIN) 27248
942 ## - ADDED ENTRY ELEMENTS (KOHA)
Source of classification or shelving scheme Dewey Decimal Classification
Koha item type Hindi Books
Classification part 820.8
Call number suffix सीतारा
Holdings
Withdrawn status Lost status Damaged status Not for loan Home library Current library Date acquired Source of acquisition Cost, normal purchase price Total Checkouts Full call number Barcode Date last seen Copy number Cost, replacement price Price effective from Koha item type
        Central Library Central Library 03/08/2015 Cen Lib/Ret 0.00   820.8 सीतारा A-811285 03/08/2015 1 0.00 03/08/2015 Hindi Books

© Delhi Public Library
Hit Counter
free hit counter